00477 a2200169 450000100060000002000180000604000240002410000230004824000330007124500280010430000070013236200090013965000310014894200070017995201040018699900170029045924 a9788574166346 cAnchieta - Aquarius aJunqueira, Sônia10aNo lugar do coraçãolpor10aNo lugar do coração a400 a2012 4aLiteratura infanto-juvenil cBK 00104070a87.1b87.1d2023-11-21l0o028.5 JUN NOLp3233/AQUr2023-11-21 15:12:13w2023-11-21yBK c45924d45924